Départements français dont le nom contient XYZ - Statistiques

Statistiques générales
  • Ce quiz a été pris 247 fois
  • Le résultat moyen est 8 sur 13
Statistiques - réponses
Numéros Départements % Correct
89 Yonne
91%
78 Yvelines
90%
79 Deux-Sèvres
70%
976 Mayotte
69%
64 Pyrénées-Atlantiques
68%
65 Hautes-Pyrénées
67%
66 Pyrénées-Orientales
67%
973 Guyane
64%
12 Aveyron
58%
19 Corrèze
50%
48 Lozère
49%
63 Puy-de-Dôme
49%
53 Mayenne
48%
Aucun quiz correspondant
Distribution des résultats
% des personnes avec chaque résultat
Percentile par nombre de réponses
Votre historique - résultats
Vous n’avez pas pris ce quiz